Coopératives, marchés, principes coopératifs

Saved in:
Bibliographic Details
Main Authors: Zevi, Alberto (Author), Monzón Campos, José Luis (Author)
Format: Book
Language:French
Published: Bruselas Ciriec 1995
Series:Ouvertures Economiques
Subjects:
Tags: Add Tag
No Tags, Be the first to tag this record!

MARC

LEADER 00000nam a2200000 a 4500
001 UCM0050
003 CL-VaPUC
008 020108e19950000BE |||||||||||||||||fre|d
082 0 4 |a 334  |b ZEV  |2 21 
100 0 |a Zevi, Alberto  |e author  |9 466673 
700 0 |a Monzón Campos, José Luis  |e author  |9 466674 
245 1 0 |a Coopératives, marchés, principes coopératifs 
300 |a 344 p 
942 |c BK 
945 |d 20020108 00:00:00  |a cmena 
260 |a Bruselas  |b Ciriec  |c 1995 
650 0 |a Cooperativas  |9 319869 
650 0 |a Desarrollo económico y social   |9 256320 
650 7 |a SOCIEDADES COOPERATIVAS  |2 CL-VaPUC  |9 452613 
583 |a last modification  |c 20020108 00:00:00  |k Rodrigo Vera 
490 0 |a Ouvertures Economiques 
999 |c 299115  |d 299113 
952 |0 0  |1 0  |4 0  |6 334_000000000000000_ZEV_1995  |7 0  |8 P  |9 355283  |a BIBGIM  |b BIBGIM  |d 2019-11-21  |i 3787532  |o 334 ZEV 1995  |p 3787532  |r 2025-01-15  |w 2019-11-21  |y BK  |k GIM